Statistics for Animals by letter

Click here to take the quiz!

General Stats

  • This quiz has been taken 157 times
    (137 since last reset)
  • The average score is 17 of 26

Answer Stats

LetterHintAnswer% Correct
ELargest land animalElephant
96%
ARelative of the llamaAlpaca
95%
DYou mix a horse and this to get a muleDonkey
95%
GTallest land animalGiraffe
93%
JAn endangered cat related to the leopardJaguar
91%
KIt feeds on eucalyptus leavesKoala
90%
LSecond biggest catLion
89%
MRelated to butterfliesMoth
87%
ZBlack and white stripesZebra
86%
WThe biggest animal in the worldWhale
79%
SGoes upstream to spawnSalmon
78%
NRelated to a salamanderNewt
77%
PMountain LionPuma
73%
VA scavengerVulture
73%
HEquidHorse
72%
BAnimal related to lynxBobcat
71%
ORelated to a cuttlefishOctopus
71%
QGamefowl hunted in North AmericaQuail
71%
YLives in the steppesYak
64%
IA worm that has a measurement label in it's nameInchworm
61%
RFlightless bird in South AmericaRhea
45%
FCute Sahara foxFennec
31%
TAldabraTortoise
17%
UThey have a conspicuous crest on their headUmbrella Bird
16%
XGenus species of African Ground SquirrelXerus
10%
CThese birds live in MadagascarCoua
6%

Score Distribution

Percentile by Number Answered

Percent of People with Each Score

Your Score History

You have not taken this quiz since the last reset